|
|
|
|
| LEADER |
00859cam a2200241 7i4500 |
| 001 |
0000018895 |
| 005 |
20240716090000.0 |
| 008 |
071127 eng |
| 020 |
|
|
|a 0131276778 (international edition)
|
| 020 |
|
|
|a 9780131440975
|
| 020 |
|
|
|a 0131440977 (hbk.)
|
| 090 |
0 |
0 |
|a HF5549
|b .D47 2005
|
| 100 |
1 |
|
|a Dessler, Gary
|
| 245 |
1 |
0 |
|a Human resource management
|c Gary Dessler.
|
| 250 |
|
|
|a 10th ed.
|
| 260 |
|
|
|a Upper Saddle River, N.J.:
|b Pearson/Prentice Hall,
|c 2005.
|
| 300 |
|
|
|a xxvi, 725 p.:
|b col. ill.;
|c 26 cm.
|
| 504 |
|
|
|a Includes bibliographical references and index
|
| 650 |
0 |
0 |
|a Personnel management
|
| 997 |
|
|
|a Business & Accountancy, Faculty
|
| 998 |
|
|
|a Human Resource Management, Degree
|
| 999 |
|
|
|a 0000020601
|b BOK
|c OPEN SHELF
|e 1st Floor, Bestari Jaya
|
| 999 |
|
|
|a 0000071277
|b BOK
|c OPEN SHELF
|e 1st Floor, Shah Alam
|